[Event "POL-chT U19 2nd League"]
[Site "Chelm Lubelski"]
[Date "2010.07.11"]
[Round "7"]
[White "Kaczor, Katarzyna"]
[Black "Zadlo, Anna"]
[Result "1-0"]
[WhiteElo "1664"]
[BlackElo "1821"]
[PlyCount "61"]
[EventDate "2010.07.06"]
[EventType "team-tourn"]
[EventRounds "11"]
[EventCountry "POL"]
[SourceTitle "EXT 2011"]
[Source "ChessBase"]
[SourceDate "2010.11.26"]
[SourceVersion "1"]
[SourceVersionDate "2010.11.26"]
[SourceQuality "1"]
[WhiteTeam "Kielce Fart U19"]
[BlackTeam "Tomaszow Lubelski UKS GIM Dwojka U19"]
[WhiteTeamCountry "POL"]
[BlackTeamCountry "POL"]

1. e4 c5 2. Nf3 e6 3. d4 cxd4 4. Nxd4 Qb6 5. Nb3 Qc7 6. Nc3 a6 7. Bd3 Nf6 8. 0-0 Be7 9. f4 d6 10. Qf3 Nbd7 11. Bd2 b6 12. Rae1 e5 13. g4 exf4 14. e5 Bb7 15. exd6 Bxf3 16. dxc7 Bb7 17. Bxf4 Kf8 18. h3 Nc5 19. Nxc5 Bxc5+ 20. Kh2 b5 21. Ne4 Bxe4 22. Bxe4 Nxe4 23. Rxe4 Rc8 24. Rd1 f6 25. Rd7 g5 26. Bg3 h5 27. b4 hxg4 28. bxc5 f5 29. Bd6+ Kg8 30. Ree7 Rxh3+ 31. Kg2 1-0

[Event "Augustow qual zone MPJ+OOM U17 Girls"]
[Site "Augustow"]
[Date "2009.10.09"]
[Round "5.3"]
[White "Zadlo, Anna"]
[Black "Zawislak, Zaneta"]
[Result "1-0"]
[WhiteElo "1835"]
[BlackElo "1523"]
[PlyCount "139"]
[EventDate "2009.10.04"]
[EventType "tourn"]
[EventRounds "5"]
[EventCountry "POL"]
[SourceTitle "EXT 2023"]
[Source "ChessBase"]
[SourceDate "2022.10.05"]
[SourceVersion "1"]
[SourceVersionDate "2022.10.05"]
[SourceQuality "1"]

1. e4 e5 2. Nf3 Nc6 3. Nc3 Nf6 4. a3 Bc5 5. Nxe5 0-0 6. Nxc6 dxc6 7. Be2 Qd4 8. 0-0 Nxe4 9. Nxe4 Qxe4 10. Bf3 Qg6 11. d3 Be6 12. Re1 Rad8 13. Be3 Bd6 14. Qc1 Rfe8 15. Bf4 Rd7 16. Bxd6 cxd6 17. Qf4 d5 18. Re2 Rde7 19. Rae1 Kf8 20. Re5 h6 21. Bh5 Qf6 22. Qxf6 gxf6 23. R5e2 Kg7 24. d4 Rg8 25. Bg4 Rge8 26. Bf5 a5 27. Bd3 b5 28. f4 Kf8 29. Kf2 Bd7 30. Rxe7 Rxe7 31. Ra1 f5 32. Rd1 Re8 33. Kf3 f6 34. Kf2 Kf7 35. Be2 Rc8 36. Bf3 Be6 37. Rd3 Ke7 38. Rc3 Kd6 39. Rc5 a4 40. Ke2 Rb8 41. Kd2 Rb6 42. Kc3 Kc7 43. Kb4 Kb7 44. Rc3 Kc7 45. Be2 Kd6 46. Rh3 Rb8 47. Rxh6 Rf8 48. Rh7 Rg8 49. Bf3 Bd7 50. h4 Re8 51. Rh6 Ke6 52. h5 Rg8 53. Rh7 Be8 54. Kc5 Rf8 55. h6 Rg8 56. Rc7 Rh8 57. h7 Bd7 58. Bh5 Rxh7 59. Be8 Re7 60. Bxd7+ Rxd7 61. Rxc6+ Ke7 62. Kxb5 Ra7 63. Ra6 Rb7+ 64. Rb6 Ra7 65. Kc6 Ke6 66. Kc5+ Kd7 67. Kxd5 Ra5+ 68. Kc4 Ke7 69. Rb5 Rxb5 70. Kxb5 1-0

[Event "Augustow qual zone MPJ+OOM U17 Girls"]
[Site "Augustow"]
[Date "2009.10.05"]
[Round "1.2"]
[White "Dabrowska, Paula"]
[Black "Zadlo, Anna"]
[Result "0-1"]
[WhiteElo "1504"]
[BlackElo "1835"]
[PlyCount "136"]
[EventDate "2009.10.04"]
[EventType "tourn"]
[EventRounds "5"]
[EventCountry "POL"]
[SourceTitle "EXT 2023"]
[Source "ChessBase"]
[SourceDate "2022.10.05"]
[SourceVersion "1"]
[SourceVersionDate "2022.10.05"]
[SourceQuality "1"]

1. e4 c5 2. Nf3 e6 3. d4 cxd4 4. Nxd4 Qb6 5. Nb3 Qc7 6. Nc3 a6 7. Be3 Nc6 8. Qd2 Nf6 9. f3 b5 10. 0-0-0 Bb7 11. Kb1 Bb4 12. a3 Be7 13. Ne2 Rc8 14. g4 Ne5 15. Ned4 d5 16. g5 Nfd7 17. f4 Nc4 18. Qc3 Nxa3+ 19. Ka2 Qxc3 20. bxc3 dxe4 21. Kb2 Nc4+ 22. Bxc4 bxc4 23. Nd2 Bd5 24. Ra1 Rb8+ 25. Kc1 Ra8 26. Ne2 Bc5 27. Nd4 0-0 28. Re1 f5 29. Kd1 Rfb8 30. Ra4 Bxd4 31. Bxd4 Rc8 32. Ke2 Bc6 33. Ra5 Bb5 34. Rea1 Re8 35. Be3 Kf7 36. Nb1 Rab8 37. Na3 Rb7 38. Rb1 Reb8 39. Nxb5 axb5 40. Ra6 Rc8 41. Ra5 Rcb8 42. Ba7 Ra8 43. Rba1 Nf8 44. Ke3 Nd7 45. h3 Kg6 46. Bd4 Rxa5 47. Rxa5 Kf7 48. Ra6 Nf8 49. Kf2 Ng6 50. Kg3 Ne7 51. Kf2 Nd5 52. Be5 Ne7 53. Bd4 Nd5 54. Be5 Rd7 55. Ra5 Rb7 56. Ra6 b4 57. Ra1 Nxc3 58. Bxc3 bxc3 59. Ra3 Rb3 60. Ra7+ Kg6 61. Rc7 Rb2 62. Rxc4 Rxc2+ 63. Ke1 Rh2 64. Rc6 Rxh3 65. Ke2 Rf3 66. Rxe6+ Kf7 67. Rc6 Rxf4 68. Rxc3 Rg4 0-1

[Event "Warsaw Najdorf Memorial op-C"]
[Site "Warsaw"]
[Date "2009.07.25"]
[Round "8"]
[White "Adamowicz, Maciej"]
[Black "Zadlo, Anna"]
[Result "1-0"]
[WhiteElo "1847"]
[BlackElo "1803"]
[PlyCount "105"]
[EventDate "2009.07.18"]
[EventType "swiss"]
[EventRounds "9"]
[EventCountry "POL"]
[SourceTitle "EXT 2012"]
[Source "ChessBase"]
[SourceDate "2011.11.24"]
[SourceVersion "1"]
[SourceVersionDate "2011.11.24"]
[SourceQuality "1"]

1. e4 c5 2. Nf3 e6 3. d4 cxd4 4. Nxd4 Qb6 5. Nb3 Qc7 6. Bd3 Nf6 7. 0-0 d6 8. Nc3 a6 9. a4 b6 10. f4 Bb7 11. Qe1 Nbd7 12. Qg3 h5 13. Bd2 Be7 14. Rae1 h4 15. Qh3 0-0-0 16. Qf3 Rdg8 17. Qe2 Nb8 18. e5 Nh5 19. Be4 d5 20. Bf3 g6 21. Be3 Rh7 22. Qf2 Nd7 23. Ra1 Ng7 24. Nd4 Nf5 25. Nxf5 gxf5 26. Ne2 Rhg7 27. Nd4 Nc5 28. Ne2 Ne4 29. Qe1 Kb8 30. Kh1 Rh7 31. Qd1 Rgh8 32. Bxe4 dxe4 33. a5 b5 34. h3 Rg7 35. Qd4 Bc6 36. c4 Rd8 37. Qb6+ Qxb6 38. axb6 Kb7 39. Nd4 Rxd4 40. Bxd4 bxc4 41. Be3 Bd8 42. Ra3 Bxb6 43. Kh2 Bc7 44. Rg1 Rg8 45. g3 Bd8 46. gxh4 Rxg1 47. Kxg1 Bxh4 48. Bf2 Be7 49. Ra1 Bd5 50. h4 f6 51. exf6 Bxf6 52. Rb1 e3 53. Be1 1-0

[Event "POL-ch U16 Girls"]
[Site "Chotowa"]
[Date "2009.04.04"]
[Round "10"]
[White "Zadlo, Anna"]
[Black "Chmielewska, Joanna"]
[Result "1/2-1/2"]
[WhiteElo "1809"]
[BlackElo "1671"]
[PlyCount "56"]
[EventDate "2009.03.28"]
[EventType "swiss"]
[EventRounds "11"]
[EventCountry "POL"]
[SourceTitle "EXT 2011"]
[Source "ChessBase"]
[SourceDate "2010.11.26"]
[SourceVersion "1"]
[SourceVersionDate "2010.11.26"]
[SourceQuality "1"]

1. e4 c5 2. c3 g6 3. d4 cxd4 4. cxd4 d5 5. exd5 Nf6 6. Nc3 Nxd5 7. Nf3 Nc6 8. Bc4 Nb6 9. Bb3 Bg7 10. Be3 0-0 11. h3 e6 12. a3 Na5 13. Ba2 Nac4 14. Qe2 Nxe3 15. fxe3 Bd7 16. 0-0 Bc6 17. Rad1 Nd5 18. Bxd5 Bxd5 19. Nxd5 Qxd5 20. Rc1 Rac8 21. Rc2 Rc6 22. Rfc1 Rfc8 23. Rxc6 Rxc6 24. Rxc6 Qxc6 25. Qd2 Qe4 26. Qc3 h5 27. Nd2 Qd5 28. Nf3 Bf6 1/2-1/2

[Event "Wroclaw Polonia CC-B 3rd"]
[Site "Wroclaw"]
[Date "2008.06.27"]
[Round "9"]
[White "Zadlo, Anna"]
[Black "Gluszko, Monika"]
[Result "0-1"]
[WhiteElo "1737"]
[BlackElo "1854"]
[PlyCount "54"]
[EventDate "2008.06.21"]
[EventType "swiss"]
[EventRounds "9"]
[EventCountry "POL"]
[SourceTitle "EXT 2023"]
[Source "ChessBase"]
[SourceDate "2022.10.05"]
[SourceVersion "1"]
[SourceVersionDate "2022.10.05"]
[SourceQuality "1"]

1. e4 e6 2. d4 c5 3. c3 d5 4. exd5 exd5 5. Nf3 Nf6 6. Nbd2 c4 7. Ne5 Bd6 8. Ndf3 0-0 9. Be2 Ne4 10. h3 Qe7 11. Be3 b5 12. a3 a5 13. Bd2 Bf5 14. g4 Bc8 15. g5 f6 16. gxf6 Qxf6 17. Rg1 Bxh3 18. Be3 Nd7 19. Qc1 Kh8 20. Ra2 Rae8 21. Rh1 Bg2 22. Rg1 Bh3 23. Rh1 Be6 24. Bg5 Qf5 25. Bf4 Nxe5 26. Nxe5 Bxe5 27. Bxe5 Qxf2+ 0-1

[Event "Wroclaw Polonia CC-B 3rd"]
[Site "Wroclaw"]
[Date "2008.06.25"]
[Round "6"]
[White "Zadlo, Anna"]
[Black "Leks, Maria"]
[Result "1-0"]
[WhiteElo "1737"]
[BlackElo "1776"]
[PlyCount "91"]
[EventDate "2008.06.21"]
[EventType "swiss"]
[EventRounds "9"]
[EventCountry "POL"]
[SourceTitle "EXT 2023"]
[Source "ChessBase"]
[SourceDate "2022.10.05"]
[SourceVersion "1"]
[SourceVersionDate "2022.10.05"]
[SourceQuality "1"]

1. e4 d5 2. exd5 Qxd5 3. Nf3 Nf6 4. d4 a6 5. Be2 Bg4 6. h3 Bh5 7. 0-0 e6 8. Bf4 Qd8 9. c4 Bd6 10. Be3 Nc6 11. Nc3 0-0 12. a3 Re8 13. Qc2 Bg6 14. Bd3 Bxd3 15. Qxd3 e5 16. dxe5 Nxe5 17. Nxe5 Bxe5 18. Rad1 Qe7 19. Qc2 Nh5 20. Nd5 Qh4 21. Qc1 h6 22. f4 c6 23. fxe5 cxd5 24. Rxd5 Re6 25. Bf2 Qe4 26. Re1 Qf5 27. Qb1 Qg5 28. Be3 Qh4 29. Rd4 Qe7 30. Rd5 Rc8 31. Qf5 Qh4 32. Bf2 Qg5 33. Qxg5 hxg5 34. Rd4 Rce8 35. Rd7 b5 36. c5 Nf4 37. Rd6 Rc8 38. b4 Rc6 39. Red1 Ne2+ 40. Kf1 Nc3 41. Rxc6 Rxc6 42. Rd6 Rxd6 43. exd6 Kf8 44. c6 Ke8 45. Bb6 Nd5 46. d7+ 1-0

[Event "Wroclaw Polonia CC-B 3rd"]
[Site "Wroclaw"]
[Date "2008.06.23"]
[Round "3"]
[White "Wolska, Marta"]
[Black "Zadlo, Anna"]
[Result "1/2-1/2"]
[WhiteElo "1605"]
[BlackElo "1737"]
[PlyCount "53"]
[EventDate "2008.06.21"]
[EventType "swiss"]
[EventRounds "9"]
[EventCountry "POL"]
[SourceTitle "EXT 2023"]
[Source "ChessBase"]
[SourceDate "2022.10.05"]
[SourceVersion "1"]
[SourceVersionDate "2022.10.05"]
[SourceQuality "1"]

1. d4 d5 2. c4 c6 3. cxd5 cxd5 4. Nc3 Nc6 5. Nf3 e6 6. e3 Bb4 7. Bd2 Nge7 8. Qc2 Ba5 9. a3 Bd7 10. Bd3 Ng6 11. 0-0 0-0 12. Rac1 Rc8 13. Qd1 Bc7 14. Nb5 Bb8 15. Nc3 Qe7 16. Na2 Rfd8 17. Nb4 Nxb4 18. Bxb4 Bd6 19. Bxd6 Qxd6 20. Qb3 Rc7 21. Rxc7 Qxc7 22. Nd2 Rc8 23. Nb1 Nf8 24. Nc3 Bc6 25. Rc1 Qd8 26. Ne2 Nd7 27. h3 1/2-1/2

[Event "POL-ch U16 Girls"]
[Site "Leba"]
[Date "2008.03.30"]
[Round "2"]
[White "Zadlo, Anna"]
[Black "Labedz, Patrycja"]
[Result "1-0"]
[WhiteElo "1725"]
[BlackElo "1954"]
[PlyCount "96"]
[EventDate "2008.03.29"]
[EventType "swiss"]
[EventRounds "11"]
[EventCountry "POL"]
[SourceTitle "CBM 123 Extra"]
[Source "ChessBase"]
[SourceDate "2008.05.06"]
[SourceVersion "1"]
[SourceVersionDate "2008.05.06"]
[SourceQuality "1"]

1. e4 d6 2. d4 Nf6 3. Nc3 c6 4. h3 Qa5 5. Bd3 e5 6. dxe5 dxe5 7. Nf3 Be7 8. 0-0 0-0 9. Qe2 h6 10. Bd2 Qc7 11. Bc4 Nbd7 12. Nh4 Rd8 13. Nf5 Nc5 14. Nxe7+ Qxe7 15. f3 Be6 16. Bb3 Nh5 17. Qf2 Bxb3 18. axb3 Ne6 19. Be3 b6 20. Rfd1 Nhf4 21. Ne2 Nxe2+ 22. Qxe2 Nd4 23. Qf2 c5 24. Rd3 Rd6 25. Rad1 Rad8 26. Bxd4 cxd4 27. Qd2 Qc7 28. Qe2 Qc5 29. Kh2 Rc8 30. c3 Qb5 31. Qf2 Rcd8 32. cxd4 Rxd4 33. Rxd4 exd4 34. Qc2 d3 35. Qc3 Qd7 36. Rd2 Qd6+ 37. Kg1 b5 38. Kf1 Kf8 39. b4 f6 40. Qb3 Ke7 41. Qa3 Rd7 42. Qb3 Qd4 43. Qc3 Qd6 44. Kf2 Qb6+ 45. Qc5+ Qxc5+ 46. bxc5 a5 47. Ke3 Rc7 48. Kd4 Kd7 1-0

[Event "POL-ch PL+LU U15 Girls"]
[Site "Augustow"]
[Date "2007.10.09"]
[Round "6.2"]
[White "Dabrowska, Paula"]
[Black "Zadlo, Anna"]
[Result "0-1"]
[WhiteElo "1576"]
[BlackElo "1800"]
[PlyCount "108"]
[EventDate "2007.10.08"]
[EventType "tourn"]
[EventRounds "9"]
[EventCountry "POL"]
[SourceTitle "EXT 2023"]
[Source "ChessBase"]
[SourceDate "2022.10.05"]
[SourceVersion "1"]
[SourceVersionDate "2022.10.05"]
[SourceQuality "1"]

1. c4 c5 2. Nc3 Nc6 3. g3 g6 4. Bg2 Bg7 5. Nf3 e5 6. e3 Nge7 7. 0-0 0-0 8. d3 d6 9. a3 Be6 10. Rb1 a5 11. Bd2 Rb8 12. Nb5 d5 13. cxd5 Bxd5 14. Qc2 b6 15. Bc3 Rc8 16. Qd2 Bb3 17. d4 cxd4 18. exd4 Bc4 19. a4 Bxf1 20. Kxf1 exd4 21. Nbxd4 Nxd4 22. Nxd4 Nd5 23. Bxd5 Qxd5 24. Kg1 Rfd8 25. Rd1 Bxd4 26. Qxd4 Qxd4 27. Rxd4 Rxd4 28. Bxd4 Rc6 29. b3 Kf8 30. Kf1 Ke7 31. Ke2 Ke6 32. Kd3 Kd5 33. h4 Re6 34. Be3 Kc6 35. Kc3 Re4 36. Kd3 Rb4 37. Kc3 Kd5 38. Kc2 Ke4 39. Kc3 Kf3 40. Kc2 h5 41. Kc3 Ke4 42. Kc2 f6 43. Kc3 Kf5 44. f3 g5 45. hxg5 fxg5 46. Bf2 h4 47. Kc2 h3 48. Bg1 g4 49. f4 Ke4 50. Kc3 Kf3 51. f5 Kxg3 52. f6 h2 53. Bxh2+ Kxh2 54. f7 Rf4 0-1

[Event "POL-ch PL+LU U15 Girls"]
[Site "Augustow"]
[Date "2007.10.09"]
[Round "1.4"]
[White "Major, Katarzyna"]
[Black "Zadlo, Anna"]
[Result "1/2-1/2"]
[WhiteElo "1832"]
[BlackElo "1800"]
[PlyCount "24"]
[EventDate "2007.10.08"]
[EventType "tourn"]
[EventRounds "9"]
[EventCountry "POL"]
[SourceTitle "EXT 2023"]
[Source "ChessBase"]
[SourceDate "2022.10.05"]
[SourceVersion "1"]
[SourceVersionDate "2022.10.05"]
[SourceQuality "1"]

1. d4 d5 2. c4 c6 3. Nf3 Nf6 4. Nc3 dxc4 5. Bg5 Bf5 6. a4 Nbd7 7. e3 h6 8. Bh4 Bg6 9. Bxc4 e6 10. 0-0 Be7 11. Bg3 0-0 12. Qe2 Nb6 1/2-1/2

[Event "POL-ch PL+LU U15 Girls"]
[Site "Augustow"]
[Date "2007.10.09"]
[Round "9.3"]
[White "Zadlo, Anna"]
[Black "Gora, Joanna"]
[Result "1-0"]
[WhiteElo "1800"]
[BlackElo "1553"]
[PlyCount "37"]
[EventDate "2007.10.08"]
[EventType "tourn"]
[EventRounds "9"]
[EventCountry "POL"]
[SourceTitle "EXT 2023"]
[Source "ChessBase"]
[SourceDate "2022.10.05"]
[SourceVersion "1"]
[SourceVersionDate "2022.10.05"]
[SourceQuality "1"]

1. e4 e5 2. Nf3 Nc6 3. Nc3 Nf6 4. a3 a6 5. d4 exd4 6. Nxd4 Nxd4 7. Qxd4 b6 8. Bg5 Be7 9. e5 Nh5 10. Bxe7 Qxe7 11. Nd5 c5 12. Qe3 Qd8 13. g4 Bb7 14. Bg2 0-0 15. gxh5 d6 16. 0-0-0 Re8 17. f4 Bxd5 18. Bxd5 Qc7 19. Bxa8 1-0